| 000 | 00947cam a2200277 i 4500 | ||
|---|---|---|---|
| 001 | 57128 | ||
| 003 | Mx-PuUPA | ||
| 005 | 20260518104017.0 | ||
| 008 | 140415s1999 mnu gr 000 0 eng d | ||
| 020 |
_a0800631633 _qrústica |
||
| 040 |
_cMx-PuUPA _aMx-PuUPA _bspa _dMx-PuUPA _erda |
||
| 041 | 0 | _aeng | |
| 100 | 1 |
_aD'Aquili, Eugene G., _d1940- _918097 _eautor |
|
| 245 | 1 | 4 |
_aThe mystical mind : _bprobing the biology of religious experience / _cEugene G. d'Aquili, Andrew B. Newberg |
| 264 | 1 |
_aMinneapolis, Minnesota : _bFortress Press, _c©1999 |
|
| 300 |
_aix, 228 páginas ; _c23 cm |
||
| 336 |
_2rdacontent _atexto _btxt |
||
| 337 |
_2rdamedia _asin medio _bn |
||
| 338 |
_2rdacarrier _avolumen _bnc |
||
| 650 | 7 |
_2armarc _aMisticismo _xPsicología |
|
| 650 | 7 |
_2armarc _aExperiencia (Religión) |
|
| 700 | 1 |
_aNewberg, Andrew B. _eautor |
|
| 942 |
_2ddc _cLI _h204.22 _iD22 |
||
| 999 |
_c57128 _d57128 |
||